LEADER 01346nam--2200421---4500 001 990000526990203316 005 20091228130337.0 035 $a0052699 035 $aUSA010052699 035 $a(ALEPH)000052699USA01 035 $a0052699 100 $a20010626d1997----km-y0ENGy0103----ba 101 $aita 102 $aIT 200 1 $aNapoleone$fVittorio Criscuolo 210 $aBologna$cIl mulino$d1997 215 $a210 p.$d21 cm 225 2 $aUniversale paperbacks il mulino$v328 410 $12001$aUniversale paperbacks Il mulino$v348 606 $aNapoleone 676 $a88-15-06251-3 676 $a944.05092 700 1$aCRISCUOLO,$bVittorio$f<1951- >$01275105 801 0$aIT$bsalbc$gISBD 912 $a990000526990203316 951 $aXXX.A. Coll. 71/ 122 (COLL. AEZ 328)$b15125 G$cXXX.A. Coll. 71/ 122 (COLL. AEZ)$d00254330 959 $aBK 969 $aGIU 979 $aPATTY$b90$c20010626$lUSA01$h1507 979 $c20020403$lUSA01$h1701 979 $aPATRY$b90$c20040406$lUSA01$h1637 979 $aCHIARA$b90$c20071128$lUSA01$h1058 979 $aFIORELLA$b90$c20081203$lUSA01$h1155 979 $aRSIAV3$b90$c20091228$lUSA01$h1303 979 $aCHIARA$b90$c20100917$lUSA01$h1358 979 $aCHIARA$b90$c20100917$lUSA01$h1407 996 $aNapoleone$93004880 997 $aUNISA LEADER 01690nas# 2200313 i 450 001 VAN0000808 005 20230306120938.51 011 $a1020-220X 100 $a20020613b19951998 |0itac50 ba 101 $afre 102 $aCH 105 $a|||| ||||| 110 $aaM||||||||| 200 1 $aˆLa ‰propriété industrielle et le droit d'auteur$erevue mensuelle de l'Organisation mondiale de la propriété intellectuelle (OMPI) 210 $aGeneve$cOMPI$d1995-1998 215 $a4 volumi$d30 cm 440 1$1001VAN0088886$12001 $aLois et traités de propriété intellectuelle$epublication mensuelle de l'Organisation mondiale de la propriété intellectuelle (OMPI)$1210 $aGeneve$cOMPI$d1998-2001$1215 $a4 volumi$d30 cm 606 $aDiritti d'autore$xLegislazione$xPeriodici$3VANC032065$2FI 606 $aProprietà industriale$xPeriodici$3VANC032077$2FI 620 $dGinevra$3VANL001017 676 $a346.048205$cDiritti d'autore. Pubblicazioni in serie$v20 712 02$aOrganisation mondiale de la propriété intellectuelle$cGinevra$3VANV000362 712 $aOrganisation mondiale de la propriete industrielle$3VANV109782$4650 801 $aIT$bSOL$c20240119$gRICA 899 $aBIBLIOTECA DEL DIPARTIMENTO DI GIURISPRUDENZA$1IT-CE0105$2VAN00$4lac. 1995; 1998.$cSALA GIALLA sc. 4 ; 912 $aVAN0000808 950 $aBIBLIOTECA DEL DIPARTIMENTO DI GIURISPRUDENZA$b00lac. 1995; 1998.$d00RIV SALA GIALLA sc.4 1995 $e00RIV305500 20140507 $d00RIV SALA GIALLA sc.4 1998 $e00RIV305600 20140507 996 $aPropriete industrielle et le droit d'auteur$9791055 997 $aUNICAMPANIA